000 01158nam a22003137a 4500
001 6468
003 FISKH
005 20250506095809.0
008 250506b cb ||||| |||| 00| 0 eng d
020 _a9781423106142
040 _aDLC
_cDLC
_dDLC
_beng
050 _a PZ7.G75149 C
082 _a 636.752
100 1 _aGrace, N. B.
245 1 0 _aCrunch time /
_cby N.B. Grace.
250 _aThis edition first published in 2007
260 _aNew York :
_bDisney Press,
_c2007.
300 _a126 pages :
_c20 cm.
490 0 _aDisney's high school musical: stories from East High ;
_v#4
505 _aL
520 _aThe students of East High are preparing for the SATs, and Gabriella has the unfortunate honor of tutoring Sharpay, who shines much more brightly on stage than she does on her practice tests. Luckily, everyone has the school's upcoming Halloween party to take their minds off the SAT crunch.
521 8 _a510
_bLexile
521 8 _aL
_bRaz-Plus
650 _2Juvenile
_aChildren's
650 _2Disney
_aHigh School Musical
906 _a7
_bcbc
_corignew
_d2
_eepcn
_f20
_gy-gencatlg
942 _2ddc
_cBK
_n0
999 _c6468
_d6468